=LDR 00000nam 2200000 4500 =001 INLIS000000000028817 =005 20130612131108 =008 ***********************************Ind** =035 ##$$a0010-061300000028817 =041 ##$$a Ind =082 ##$$a 346.08 =090 ##$$a 346.08, Asi p =100 ##$$a Sikin, Zainal =245 ##$$a Pokok-pokok hukum perbankan di Indonesia, Zainal Asikin =260 ##$$a 1995 $b Jakarta =300 ##$$a x, 152 hlm, 21 cm =650 ##$$a Hukum Perbankan =850 ##$$a NBPNMAT =990 ##$$a 0001/BPAP-NTB/20142014